प्राथमिक सांख्‍यकी आणि सशोधन पध्दती (Record no. 36218)

MARC details
000 -LEADER
fixed length control field 00535nam a2200181Ia 4500
008 - FIXED-LENGTH DATA ELEMENTS--GENERAL INFORMATION
fixed length control field 220531s9999 xx 000 0 und d
041 ## - LANGUAGE CODE
Language code of text/sound track or separate title mar
100 ## - MAIN ENTRY--PERSONAL NAME
Personal name रानडे पुष्पा
9 (RLIN) 63808
245 ## - TITLE STATEMENT
Title प्राथमिक सांख्‍यकी आणि सशोधन पध्दती
250 ## - EDITION STATEMENT
Edition statement 1ST
260 ## - PUBLICATION, DISTRIBUTION, ETC. (IMPRINT)
Place of publication, distribution, etc. Pune
Name of publisher, distributor, etc. Diamand
Date of publication, distribution, etc. 2015
300 ## - PHYSICAL DESCRIPTION
Extent 264
542 ## - INFORMATION RELATING TO COPYRIGHT STATUS
Copyright holder 13-07-2015
551 ## -
-- Economics
-- Grantebal-E
650 ## - SUBJECT ADDED ENTRY--TOPICAL TERM
Topical term or geographic name as entry element Economics
9 (RLIN) 63809
906 ## - LOCAL DATA ELEMENT F, LDF (RLIN)
d 2015-2016
Holdings
Withdrawn status Lost status Source of classification or shelving scheme Damaged status Not for loan Collection code Home library Current library Date acquired Vendor Cost, normal purchase price Total Checkouts Total Holds Full call number Barcode Date last seen Bill Date Koha item type Original Barcode
    Dewey Decimal Classification       Shri Siddhivinayak Mahila Mahavidyalaya Shri Siddhivinayak Mahila Mahavidyalaya 15/07/2015 Creative Book Service 200.00   5 /-/B/17221 SSMM-BK-17221 06/08/2022 06/08/2022 Books 010017221